000 00683cam a2200145 4500500
005 20260426010547.0
041 _afre
042 _adc
100 1 0 _aCottin, Jérôme
_eauthor
245 0 0 _aHenry Mottu, Un itinéraire théologique. Barth, Bonhoeffer et la théologie africaine-américaine, Genève/ Lausanne/Neuchâtel, Revue de théologie et de philosophie, coll. « Cahiers 21 », 2004. 23 cm. 243 p. FS 22
260 _c2005.
500 _a7
786 0 _nÉtudes théologiques et religieuses | 80 | 3 | 2005-09-01 | p. 431h-439h | 0014-2239
856 4 1 _uhttps://shs.cairn.info/revue-etudes-theologiques-et-religieuses-2005-3-page-431h?lang=fr&redirect-ssocas=7080
999 _c2222520
_d2222520